[Event "AUT-ch U12"]
[Site "Fuerstenfeld"]
[Date "2024.06.02"]
[Round "7"]
[White "Seikmann, Jim"]
[Black "Pleimer, Noah"]
[Result "0-1"]
[WhiteElo "1616"]
[BlackElo "1836"]
[PlyCount "112"]
[EventDate "2024.05.30"]
[EventType "swiss"]
[EventRounds "7"]
[EventCountry "AUT"]
[SourceTitle "CB23_2024"]
[SourceDate "2024.06.05"]
[SourceVersion "1"]
[SourceVersionDate "2024.06.05"]
[SourceQuality "1"]

1. c4 e5 2. g3 Nf6 3. Bg2 g6 4. Nc3 Bg7 5. e3 0-0 6. Nge2 d6 7. 0-0 c6 8. b3 a5 9. Bb2 Qc7 10. d4 Na6 11. Re1 exd4 12. Nxd4 Nc5 13. Qd2 Re8 14. Bf3 Ng4 15. Rad1 Ne5 16. Be2 h5 17. Nf3 Nxf3+ 18. Bxf3 Be5 19. Ne2 Bf5 20. Nf4 Ne4 21. Bxe4 Bxe4 22. Ne2 Rad8 23. Nd4 c5 24. Nb5 Qe7 25. f4 Bxb2 26. Qxb2 d5 27. cxd5 Rxd5 28. Nc3 Rxd1 29. Rxd1 Bc6 30. Re1 Rd8 31. Kf2 Qe6 32. e4 h4 33. Qe2 Qh3 34. Kf3 Rd4 35. a3 f5 36. Qc2 b5 37. b4 hxg3 38. hxg3 c4 39. Re3 Qf1+ 40. Qf2 fxe4+ 41. Nxe4 Bxe4+ 42. Rxe4 Qxf2+ 43. Kxf2 Rxe4 44. Kf3 axb4 45. Kxe4 bxa3 46. f5 gxf5+ 47. Kxf5 a2 48. g4 a1Q 49. g5 c3 50. g6 c2 51. g7 c1Q 52. Ke4 Qc4+ 53. Kf5 Qad4 54. Kg5 Qf4+ 55. Kh5 Qd5+ 56. Kg6 Qdf7# 0-1

[Event "AUT-ch U12"]
[Site "Fuerstenfeld"]
[Date "2024.05.31"]
[Round "4"]
[White "Pleimer, Noah"]
[Black "Chen, Chicheng Leon"]
[Result "1/2-1/2"]
[WhiteElo "1836"]
[BlackElo "1832"]
[PlyCount "58"]
[EventDate "2024.05.30"]
[EventType "swiss"]
[EventRounds "7"]
[EventCountry "AUT"]
[SourceTitle "CB23_2024"]
[SourceDate "2024.06.05"]
[SourceVersion "1"]
[SourceVersionDate "2024.06.05"]
[SourceQuality "1"]

1. e4 c5 2. Nf3 e6 3. g3 Nc6 4. Bg2 d6 5. 0-0 Nf6 6. d3 Be7 7. Qe2 Rb8 8. Nbd2 Qc7 9. Re1 b5 10. Nf1 b4 11. h4 a5 12. Bf4 e5 13. Bg5 Nd4 14. Qd2 Bg4 15. N3h2 Be6 16. Bxf6 Bxf6 17. Ne3 h5 18. Nhf1 g5 19. Nd5 Bxd5 20. hxg5 Bxg5 21. Qxg5 Be6 22. Ne3 Qe7 23. Qxe7+ Kxe7 24. f4 f6 25. Kf2 h4 26. f5 hxg3+ 27. Kxg3 Rbg8+ 28. Kf2 Bf7 29. Rh1 a4 1/2-1/2

[Event "AUT-ch U12"]
[Site "Fuerstenfeld"]
[Date "2024.05.31"]
[Round "3"]
[White "Slavskyi, Maksym"]
[Black "Pleimer, Noah"]
[Result "0-1"]
[WhiteElo "1655"]
[BlackElo "1836"]
[PlyCount "62"]
[EventDate "2024.05.30"]
[EventType "swiss"]
[EventRounds "7"]
[EventCountry "AUT"]
[SourceTitle "CB23_2024"]
[SourceDate "2024.06.05"]
[SourceVersion "1"]
[SourceVersionDate "2024.06.05"]
[SourceQuality "1"]

1. d4 d5 2. c4 e6 3. Nc3 Nf6 4. e3 Be7 5. Nf3 0-0 6. Bd3 Nbd7 7. a4 Re8 8. 0-0 c6 9. b3 Bd6 10. Ba3 Bxa3 11. Rxa3 Qe7 12. Ra2 h6 13. Qb1 e5 14. e4 exd4 15. Nxd4 Qe5 16. Nde2 dxe4 17. Bc2 Nf8 18. Qb2 e3 19. f4 Qc7 20. Rf3 Bg4 21. Rg3 Rad8 22. h3 Bxe2 23. Nxe2 Kh8 24. Bf5 Rd2 25. Qa1 Qd6 26. Bb1 Rxe2 27. Bc2 Rd2 28. c5 Qxc5 29. b4 Qd4 30. Qe1 e2+ 31. Kh2 Rd1 0-1

[Event "AUT-ch U14"]
[Site "St Veit"]
[Date "2023.06.08"]
[Round "1"]
[White "Roessler, Lukas1111"]
[Black "Pleimer, Noah"]
[Result "0-1"]
[WhiteElo "1156"]
[BlackElo "1465"]
[PlyCount "54"]
[EventDate "2023.06.08"]
[EventType "swiss"]
[EventRounds "7"]
[EventCountry "AUT"]
[SourceTitle "EXT 2024"]
[Source "ChessBase"]
[SourceDate "2023.10.10"]
[SourceVersion "1"]
[SourceVersionDate "2023.10.10"]
[SourceQuality "1"]

1. c4 e5 2. g3 Nc6 3. Bg2 Nf6 4. Nc3 Bb4 5. e3 0-0 6. Nge2 d6 7. Qc2 Be6 8. d3 Qd7 9. 0-0 Bh3 10. d4 Bxg2 11. Kxg2 exd4 12. exd4 d5 13. Qd3 Rad8 14. Be3 Rfe8 15. a3 Bxc3 16. bxc3 Ng4 17. Rab1 dxc4 18. Qxc4 Nxe3+ 19. fxe3 Rxe3 20. Rxb7 Na5 21. Qa2 Nxb7 22. Kg1 Qe6 23. d5 Rxe2 24. Rxf7 Rxa2 25. dxe6 Rd1+ 26. Rf1 Rxf1+ 27. Kxf1 Kf8 0-1

[Event "AUT-ch U10"]
[Site "St Veit"]
[Date "2022.06.05"]
[Round "4"]
[White "Pleimer, Noah"]
[Black "Schernthaner, Tim"]
[Result "1-0"]
[WhiteElo "1275"]
[BlackElo "909"]
[PlyCount "81"]
[EventDate "2022.06.04"]
[EventType "swiss"]
[EventRounds "7"]
[EventCountry "AUT"]
[SourceTitle "EXT 2023"]
[Source "ChessBase"]
[SourceDate "2022.10.05"]
[SourceVersion "1"]
[SourceVersionDate "2022.10.05"]
[SourceQuality "1"]

1. c4 e5 2. Nc3 c5 3. g3 d6 4. Bg2 Nf6 5. e3 g6 6. Nge2 Bg7 7. 0-0 0-0 8. d4 Nbd7 9. d5 Nb6 10. b3 Bg4 11. e4 Qd7 12. Be3 Bh3 13. f3 Bxg2 14. Kxg2 Rfe8 15. Nc1 Rad8 16. Qe2 a6 17. Nd3 Nc8 18. Nb2 Na7 19. Rab1 b5 20. Rf2 Qb7 21. Qd3 b4 22. Ne2 Qc7 23. Rbf1 Qa5 24. Qb1 Nh5 25. Nc1 Qa3 26. Na4 Rb8 27. Nd3 Nc8 28. Bc1 Qxc1 29. Qxc1 f5 30. Qe3 Rf8 31. Qe2 Bh6 32. g4 Nf4+ 33. Nxf4 Bxf4 34. exf5 gxf5 35. gxf5 Rb7 36. Kh1 Rxf5 37. Rg2+ Kh8 38. Rfg1 Ne7 39. Qe4 Rh5 40. Nb2 Nf5 41. Rg8# 1-0